Biggest Cities in Florida before the Civil War on a Map - Statistics

General Stats
  • This quiz has been taken 142 times
  • The average score is 8 of 20
Answers on the Map
Answers color-coded by a green-red scale on the quiz's map according to % correct below.
 
Answer Stats
Population City % Correct
2,118 Jacksonville
97%
1,932 Tallahassee
96%
451 Tampa
96%
2,876 Pensacola
82%
2,832 Key West
79%
1,914 St. Augustine
73%
269 Gainesville
72%
1,150 Ocala
50%
1,904 Apalachicola
28%
659 Lake City
24%
1,390 Fernandina
20%
613 Palatka
18%
700 Quincy
18%
1,815 Milton
15%
423 Madison
11%
440 Marianna
11%
1,083 Monticello
10%
251 Micanopy
7%
441 Newport
6%
215 Newnansville
2%
No matching quizzes found
Score Distribution
Percent of People with Each Score
Percentile by Number Answered
Your Score History
You have not taken this quiz